Quiz sur Saint-Nazaire - Statistiques

Statistiques générales
  • Ce quiz a été pris 105 fois
  • Le résultat moyen est 13 sur 30
Statistiques - réponses
Question Réponse % Correct
Quel fleuve traverse Saint-Nazaire et se jette dans L'océan Atlantique ? La Loire
99%
Dans quelle région se situe Saint-Nazaire ? Pays de la loire
99%
Dans quel département se situe Saint-Nazaire ? Loire Atlantique
97%
Historiquement, de quelle région appartient Saint-Nazaire ? La Bretagne
81%
Quel est le code postal de Saint-Nazaire ? 44600
77%
Quel est le statut de Saint-Nazaire par rapport au département ? Sous-préfecture
69%
Depuis quelle année est-il en service ? 2014
68%
Saint-Nazaire possède une des plus grandes cités scolaires de France, comment s'appelle-elle? Aristide Briand
62%
Quel est le maire de Saint-Nazaire ? David Samzun
54%
Comment s'appelle le festival de musique annuel de Saint-Nazaire, situé au petit maroc ? Les Escales
51%
Comment s'appelle le bâtiment historique de la seconde guerre mondiale de Saint-Nazaire ? La base sous-marine
50%
Quel est le sport le plus populaire ? Volleyball
50%
Comment s'appelle la ligne de bus de Saint-Nazaire ? Yceo (anciennement Stran)
47%
Une chanteuse de Saint-Nazaire a reçu 4 distinctions aux victoires de la musique, comment s'appelle-t-elle ? Zaho de Sagazan
45%
Combien de quartier possède Saint-Nazaire ? 16
40%
Quelle est la particularité architecturale de la plus grande salle d'événement de Saint-Nazaire ? (sa forme) Soucoupe
38%
Quelle est sa population en 2021 (au milliers près) 72000
35%
Comment s'appelle le monument mégalithique datant de - 4500 avant JC situé sur la route de Dissignac ? Tumulus de Dissignac
33%
Comment s'appelle le plus long paquebot du monde construit à Saint-Nazaire ? Harmony of the Seas
27%
Quelle est la ville anglaise jumelle avec Saint-Nazaire ? Sunderland
26%
Comment appelle-t-on les petites cabane sur la plage de Villès-Martin ? Les pêcheries
22%
Quelle est la ville allemande jumelle avec Saint-Nazaire ? Saarlouis
15%
Quelle est la ville espagnole jumelle avec Saint-Nazaire ? Avilés
13%
Le président de la fédération de football est née a Saint-Nazaire, comment s'appelle-t-il ? Philippe Diallo
13%
Comment s'appelle le plus gros paquebot du monde construit à Saint-Nazaire ? Wonder of the Seas
12%
Quelle la population de son agglomération en 2021(au milliers près) 190000
8%
Lequel à la plus grande superficie ? Immaculée
6%
Quel est le code de la commune de Saint-Nazaire ? 44184
5%
Quels sont les 2 secteurs de travail majoritaire ? Chantier de l'Atlantique et Airbus
5%
Comment s'appelle le dolmen classé MH (monument historique) situé au centre ville ? Dolmen des Trois Pierres
4%
Aucun quiz correspondant
Distribution des résultats
% des personnes avec chaque résultat
Percentile par nombre de réponses
Votre historique - résultats
Vous n’avez pas pris ce quiz